| 000 | 00622nam a2200205Ia 4500 | ||
|---|---|---|---|
| 003 | GCL | ||
| 008 | 140319s9999 xx 000 0 ara d | ||
| 040 |
_aGCL / _cGCL |
||
| 082 | 0 | 4 |
_a229.45 _bم ق |
| 100 | 1 | _aمنصور محمد حسب النبى | |
| 245 | 1 | 0 |
_aالقران الكريم والعلم الحديث / _cمنصور محمد حسب النبى |
| 260 |
_a[S.N] : _bالهيئة المصرية العامة للكتاب ، _c1991 |
||
| 300 | _a333 ص | ||
| 490 | _a | ||
| 650 | 0 | 4 | _aالاسلام |
| 650 | 0 | 4 | _aالديانات |
| 650 | 0 | 4 | _aالعلوم |
| 650 | 0 | 4 | _aالقران |
| 942 |
_2ddc _cBK |
||
| 999 |
_c29766 _d29766 |
||